La teoría de la democracia en el mundo real

Salvato in:
Dettagli Bibliografici
Autore principale: Shapiro, Ian (Autore)
Natura: Libro
Lingua:spagnolo
Pubblicazione: Madrid Marcial Pons 2011
Serie:Filosofía y Derecho
Soggetti:
Tags: Aggiungi Tag
Nessun Tag, puoi essere il primo ad aggiungerne!!

MARC

LEADER 00000cam a2200000 a 4500
001 UCG9124
003 CL-VaPUC
008 120120e20110000SP |||||||||||||||||spa|d
020 |a 9788497689021 
082 0 4 |a 321.8  |b SHA  |2 21 
100 0 |a Shapiro, Ian  |e author  |9 560529 
245 1 3 |a La teoría de la democracia en el mundo real 
300 |a 309 p 
942 |c BK 
945 |d 20120120 00:00:00  |a dcastane 
260 |a Madrid  |b Marcial Pons  |c 2011 
650 0 |a Derecho internacional  |9 255637 
650 0 |a Derechos humanos  |9 223025 
650 0 |a Política internacional  |9 255813 
650 0 |a Democracia  |9 255256 
583 |a last modification  |c 20120120 10:38:00  |k Rodrigo Vera 
490 0 |a Filosofía y Derecho 
999 |c 346692  |d 346690 
952 |0 0  |1 0  |4 0  |6 321_800000000000000_SHA_2011  |7 0  |8 A  |9 447495  |a BIBDER  |b BIBDER  |d 2019-11-22  |i 4833759  |o 321.8 SHA 2011  |p 4833759  |r 2023-01-25  |w 2019-11-22  |y BK  |k DER